Ostriv dlja vsich Do 90-riččja z dnja narodžennja Ernesta Cheminhueja. /Pri príležitosti 90. výročia narodenia Ernesta

Bibliographic Details
Main Author: Konopelec, Vitalij, 1948-2003 (Author)
Format: Article
Language:Ukrainian
PhysicalDescription:Fot. 4.
Subjects:

MARC

LEADER 00000nab a2200000 a 4500
001 vtls000362277
003 SK-MaSNL
005 20260319075137.0
008 180130c1989 xo 0 ukr
015 |a SNBRB19rr/mm-uuuuu 
035 |a CL0362399 
040 |a SNKBUCL  |b slo  |c SNKBUCL  |e AACR2 
041 0 |a ukr 
044 |a xo  |c SK 
080 |a 82:929:820 (73)  |2 1981 
080 |a 929  |2 1981 
080 |a 820 (73)  |2 1981 
080 |a 929 Hemingway, Ernest  |2 1981 
100 1 |a Konopelec, Vitalij,  |d 1948-2003  |4 aut  |9 38809 
245 1 0 |a Ostriv dlja vsich  |b Do 90-riččja z dnja narodžennja Ernesta Cheminhueja. /Pri príležitosti 90. výročia narodenia Ernesta  |c Vitalij Konopelec ; Ernest Hemingway 
300 |b Fot. 4. 
600 1 7 |a Hemingway, Ernest,  |d 1899-1961  |2 snkbucl  |9 205167 
655 7 |a články z novín a časopisov  |2 snkbucl  |9 267496 
655 7 |a články z odboru literárna veda a krásna literatúra  |2 snkbucl  |9 770045 
773 0 |t Veselka  |g Roč. 38, č. 21-22 (1989), s. 15 
850 |a Slovenská národná knižnica v Martine  |a MTA001 
852 |a SNK  |b KIS3GCP 
958 |a RK 
958 |a LX 
958 |a UK 
992 |a RBX 
999 |c 1536921  |d 1538851